000 00460nam a2200181Ia 4500
001 11380
005 20260306162824.0
008 260306t1961||||xx |||||||||||||| ||spa||
041 _aESP
082 _a985.04
_bE31H T. 2
100 _aEguiguren, Luis Antonio
_eAUT
245 0 _aHojas para la historia de la emancipación del Perú
260 _c1961
300 _a145 páginas :
_c21 cm.
650 _aGEN
654 _aCHU
942 _cLIB
_dJUS
_fJUS
_2ddc
_n
999 _c11380
_d11380